1483 1375 1338 1479 1437 1274 1598 1498 1830 1098 1631 1038 1611 1050 1390 1813 1727 1408 1670 1770 1153 1927 1561 1190 1752 1343 1916 1611 1726 1475 1171 1989 1476 1965 1283 1253 1779 1187 1603 1729 1666 1739 1454 1108 1010 1295 1871 1080 1680 1492 1780 1400 1925 1897 1965 1883 1699 1211 1971 1332 1902 1163 1911 1118 1290 1553 1355 1627 1540 1807 1149 1133 1310 1000 1664 1263 1960 1338 1671 1460 1066 1030 1967 1701 1180 1010 1196 1177 1489 1789 1510 1720 1478 1339 1514 1110 1812 1002 1798 BCNSPRNW ULIB Ver.6.0+V

เปลี่ยนเป็นภาษาไทย

Change to English
 แสดงรายละเอียดบรรณานุกรม
  กลับหน้าหลัก

Brief Record : Get Marc (ISO 2709) : E-mail record : QR code < ปิดหน้าต่าง
LEADER : 00000nam 2200000uu 4500
001    13399128502
003     ULIB
008    230830s2565||||th 000 0 tha d
020    ^a9786165660495
050  0 ^aPZ895.914^b.ว617ห
100 0  ^aวินทร์ เลียววาริณ.
245 1  ^aเหตุผลที่ตื่นขึ้นมาในตอนเช้า /^cวินทร์ เลียววาริณ.
260    ^aกรุงเทพฯ : ^b113,^c2565.
300    ^a239 หน้า : ^bภาพประกอบ : ^c21 ซม.
440  0 ^aรวมบทความเสริมกำลังใจ ;^vชุด 17
520    ^aaเพราะว่าเราเกิดมาแล้วในโลกนี้ เราจะเลือกใช้ชีวิตแต่ละวันอย่างไร ทุกข์หรือสุข? ในโลกมีอะไรดีกว่า ความสามารถลืมตาในตอนเช้าแล้วยิ้มได้?.
650  7 ^aความรัก.
650  7 ^aกำลังใจ.
650  7 ^aความเรียง.
945    ^p225^l0^i010265
999    ^aประนอม เกษจรัล
รายการนี้ยังไม่มีแท็ก
คุณยังไม่ได้ล็อกอิน คุณสามารถมีกิจกรรมร่วมกับเว็บไซต์ได้ แต่ต้องล็อกอินก่อน ::
  ล็อกอิน

รายการสื่อสารสนเทศ

ลำดับที่ ประเภท เลขเรียก/บาร์โค้ด สถานที่ สถานะ
1. การศึกษาทั่วไป
การศึกษาทั่วไป
PZ895.914 .ว617ห ฉ.1 
  Barcode: 010265
ห้องสมุดวิทยาเขตสวรรค์ประชารักษ์
►หนังสือทั่วไป
บนชั้น

รายการใกล้เคียง
    ผู้แต่ง [วินทร์ เลียววาริณ.]

    หัวเรื่อง [ความรัก.]
    หัวเรื่อง [กำลังใจ.]
    หัวเรื่อง [ความเรียง.]

BibComment


ยังไม่เคยถูกคอมเมนท์

คอมเมนท์ทรัพยากรรายการนี้
  คอมเมนท์: เหตุผลที่ตื่นขึ้..


 Copyright 2026. Bcnsprnw @Library